1928 1764 1804 1767 1425 1273 1257 1066 1771 1705 1872 1907 1214 1140 1605 1949 1159 1076 1893 1184 1939 1129 1311 1231 1533 1594 1569 1193 1857 1072 1038 1995 1735 1162 1914 1946 1803 1049 1272 1196 1216 1209 1292 1569 1736 1610 1664 1973 1675 1025 1480 1441 1046 1397 1771 1123 1384 1773 1734 1825 1983 1243 1038 1044 1350 1302 1040 1112 1233 1406 1102 1991 1862 1163 1104 1065 1422 1733 1525 1174 1847 1704 1219 1976 1326 1457 1911 1916 1211 1368 1066 1403 1742 1950 1914 1141 1600 1649 1662 BCNSPRNW ULIB Ver.6.0+V

เปลี่ยนเป็นภาษาไทย

Change to English
 แสดงรายละเอียดบรรณานุกรม
  กลับหน้าหลัก

Brief Record : Get Marc (ISO 2709) : E-mail record : QR code < ปิดหน้าต่าง
LEADER : 00000nam 2200000uu 4500
001    13399128588
003     ULIB
008    230912s2565||||th 000 0 tha d
020    ^a9786169129882
060 04 ^aWC100^bว837ร
100 0  ^aวีรศักดิ์ เมืองไพศาล (บ.ก.)
245 00 ^aโรคติดเชื้ออุบัติใหม่ในผู้สูงอายุและคลินิกผู้สูงอายุ :^bการจัดตั้งและการดำเนินการ /^cวีรศักดิ์ เมืองไพศาล (บ.ก.)
246 31 ^aEmerging infectious diseases in older people and the set-up and operation of geriatric clinic
250    ^aพิมพ์ครั้งที่ 1
260    ^aนนทบุรี :^bสมาคมพฤฒาวิทยาและเวชศาสตร์ผู้สูงอายไทย,^c2565
300    ^a289 หน้า :^bภาพประกอบ ;^c26 ซม.
650  2 ^aCommunicable Diseases, Emerging
650  4 ^aโรคติดเชื้อ
650  4 ^aโรคติดต่ออุบัติใหม่
650  4 ^aผู้สูงอายุ^xโรค
653    ^aผลงานอาจารย์คณะแพทยศาสตร์ศิริราชพยาบาล
700 0  ^aวีรศักดิ์ เมืองไพศาล,^eบรรณาธิการ
710 2  ^aสมาคมพฤฒาวิทยาและเวชศาสตร์ผู้สูงอายไทย
856    ^a^zสารบัญ^uhttps://drive.google.com/file/d/1j6ZBoOG87sk_VqDA0IpxuM05eEXYlXCT/view?usp=sharing
945    ^p400^l0^i29794
945    ^p400^l0^i29795
945    ^p400^l0^i29796
999    ^aกัณชพร จุลอักษร
รายการนี้ยังไม่มีแท็ก
คุณยังไม่ได้ล็อกอิน คุณสามารถมีกิจกรรมร่วมกับเว็บไซต์ได้ แต่ต้องล็อกอินก่อน ::
  ล็อกอิน

รายการสื่อสารสนเทศ

ลำดับที่ ประเภท เลขเรียก/บาร์โค้ด สถานที่ สถานะ
1. หนังสือสำรอง
หนังสือสำรอง
WC100 ว837ร ฉ.1 
  Barcode: 29794
ห้องสมุดวิทยาเขตนครสวรรค์
►หนังสือทั่วไป:l:General Books
บนชั้น
2. วิทยาศาสตร์การแพทย์ และสุขภาพ
วิทยาศาสตร์การแพทย์ และสุขภาพ
WC100 ว837ร ฉ.2 
  Barcode: 29795
ห้องสมุดวิทยาเขตนครสวรรค์
►หนังสือทั่วไป:l:General Books
บนชั้น
3. วิทยาศาสตร์การแพทย์ และสุขภาพ
วิทยาศาสตร์การแพทย์ และสุขภาพ
WC100 ว837ร ฉ.3 
  Barcode: 29796
ห้องสมุดวิทยาเขตนครสวรรค์
►หนังสือทั่วไป:l:General Books
บนชั้น

รายการใกล้เคียง
    ผู้แต่ง [วีรศักดิ์ เมืองไพศาล (บ.ก.)]

    หัวเรื่อง [Communicable Diseases, Emerging]
    หัวเรื่อง [โรคติดเชื้อ]
    หัวเรื่อง [โรคติดต่ออุบัติใหม่]

BibComment


ยังไม่เคยถูกคอมเมนท์

คอมเมนท์ทรัพยากรรายการนี้
  คอมเมนท์: โรคติดเชื้ออุบัต..


 Copyright 2026. Bcnsprnw @Library